Music Quiz

Random Music or Word Ladder Quiz

Beyonce 4-Letter Word Ladder Quiz Stats

 Plays Quiz not verified by Sporcle

Score 0/20 Timer 10:00
1 Play Today
Description Answer % Correct
Beyonce - 'Crazy in ____'LOVE
99.3%
Past tense for ridingRODE
89.3%
Pretty flowerROSE
84.7%
At the fairground, we go on a ____RIDE
84.1%
President of the US in 2001BUSH
79.4%
Going upRISE
78.4%
When you are in a hurryRUSH
78.2%
Happens to metal when it gets wetRUST
75.7%
A physical attraction to someoneLUST
71%
Something that's innapropriateRUDE
70.5%
Description Answer % Correct
To dispose of something undergroundBURY
70.4%
A group of people in a legal caseJURY
69.9%
An irritating sore you get on your bodyRASH
63.8%
When you have angerFURY
63.7%
Her music makes you want to ____MOVE
62.3%
Too many peopleBUSY
62%
Bumping into something with forceBASH
60.3%
Punch and ____JUDY
59.9%
Name of the large dinosaur in Ice Age 3RUDY
58.5%
Different types of gameplay are called ____MODE
58.4%

You're not logged in!

Compare scores with friends on all Sporcle quizzes.
OR
Log In

Show Comments

Extras

Top Quizzes Today


Score Distribution

Your Account Isn't Verified!

In order to create a playlist on Sporcle, you need to verify the email address you used during registration. Go to your Sporcle Settings to finish the process.

Report this User

Report this user for behavior that violates our Community Guidelines.

Details: